UM Logo

Outcomes for peer-based mentors in a University-wide STEM persistence program : (Record no. 20442)

MARC details
000 -LEADER
fixed length control field 00874nam a22002057a 4500
003 - CONTROL NUMBER IDENTIFIER
control field OSt
005 - DATE AND TIME OF LATEST TRANSACTION
control field 20240814144152.0
008 - FIXED-LENGTH DATA ELEMENTS--GENERAL INFORMATION
fixed length control field 240814b ||||| |||| 00| 0 eng d
040 ## - CATALOGING SOURCE
Transcribing agency 0
082 ## - DEWEY DECIMAL CLASSIFICATION NUMBER
Classification number DPer 507 J826 September 2019 - June 2020 v.49 n. 1-5
100 ## - MAIN ENTRY--PERSONAL NAME
Personal name Spaulding, Dean T.
Relator term author.
9 (RLIN) 57706
245 ## - TITLE STATEMENT
Title Outcomes for peer-based mentors in a University-wide STEM persistence program :
Remainder of title a three-year analysis /
Statement of responsibility, etc. Dean T. Spaulding, Jelane A. Kennedy, Amanda Rozsavolgyi, and Wilfredo Colón
260 ## - PUBLICATION, DISTRIBUTION, ETC. (IMPRINT)
Place of publication, distribution, etc. Arlington USA;
Name of publisher, distributor, etc. National Science Teaching Association,
Date of publication, distribution, etc. March/April 2020.
300 ## - PHYSICAL DESCRIPTION
Extent volume 49,
Other physical details pages 30-36,
Dimensions illustration.
700 ## - ADDED ENTRY--PERSONAL NAME
Personal name Spaulding, Dean T.
Relator term author.
9 (RLIN) 57706
700 ## - ADDED ENTRY--PERSONAL NAME
Personal name Kennedy, Jelane A.
Relator term author.
9 (RLIN) 57707
700 ## - ADDED ENTRY--PERSONAL NAME
Personal name Rozsavolgyi, Amanda.
Relator term author.
9 (RLIN) 57708
700 ## - ADDED ENTRY--PERSONAL NAME
Personal name Colón, Wilfredo.
Relator term author.
9 (RLIN) 57709
942 ## - ADDED ENTRY ELEMENTS (KOHA)
Source of classification or shelving scheme Dewey Decimal Classification
Koha item type Periodicals
Holdings
Withdrawn status Lost status Source of classification or shelving scheme Damaged status Not for loan Collection code Home library Current library Date acquired Total Checkouts Full call number Date last seen Price effective from Koha item type Public note
    Dewey Decimal Classification     Periodicals UM Digos College - LIC UM Digos College - LIC 08/14/2024   DPer 507 J826 September 2019 - June 2020 v.49 n. 1-5 08/14/2024 08/14/2024 Periodicals Periodical Article